| 000 | 00584nam a2200169 4500 | ||
|---|---|---|---|
| 999 |
_c4302 _d4302 |
||
| 008 | 160903b xxu||||| |||| 00| 0 eng d | ||
| 022 | _a2094-8042 | ||
| 082 | _aDPer 370.105 M72 Jan-Dec 2012 V. 60-61 | ||
| 100 |
_914046 _aBuenaflor, Jonrey Q. |
||
| 243 | _aThe modern teacher | ||
| 245 |
_aDoña Consuelo elementary school: _bmodern hanging garden of babylon/ _cJonrey Q. Buenaflor. |
||
| 260 |
_aPhilippines: _bIn the Grade School, Inc., _c©2012. |
||
| 300 |
_av61 n2, pages 65-66; _c28 cm. |
||
| 500 | _aThe Modern Teacher | ||
| 650 | 0 |
_914047 _aGardening |
|
| 942 |
_2ddc _cPER |
||